| 000 | 00749nam a2200193 a 4500 | ||
|---|---|---|---|
| 001 | BRCA_2104 | ||
| 005 | 20190320203654.0 | ||
| 008 | 110808s1991----mx-a---###---#000-0#spa-# | ||
| 050 | 4 |
_aF1391.P8 _b.L43 46 _c1991 |
|
| 100 | 1 |
_aMeade de Angulo, Mercedes _9281 |
|
| 245 | 1 | 0 |
_aEulogio Gregorio Gillow _bilustre poblano _cMercedes Meade de Angulo. |
| 260 |
_aPuebla, México _bGobierno del Estado de Puebla : Secretaría de Cultura : Comisión Puebla V Centenario _c1991 |
||
| 300 |
_a24 p. _bil. _c21 cm. |
||
| 440 | 0 |
_aLecturas Históricas de Puebla _n46 _96381 |
|
| 600 | 1 | 4 |
_aGillow, Eulogio Gregorio _d1841-1922 _vBiografías _96382 |
| 651 | 4 |
_aPuebla (México) _xHistoria _9409 |
|
| 651 | 4 |
_aPuebla (México) _xLecturas históricas _96338 |
|
| 942 |
_2lcc _cB |
||
| 999 |
_c1861 _d1861 |
||